Problemas psicológicos actuales
Guardat en:
| Autor principal: | |
|---|---|
| Format: | Llibre |
| Idioma: | espanyol |
| Publicat: |
Buenos Aires
El Ateneo
1955
|
| Edició: | 5a. ed |
| Matèries: | |
| Etiquetes: |
Afegir etiqueta
Sense etiquetes, Sigues el primer a etiquetar aquest registre!
|
MARC
| LEADER | 00000cam a2200000 a 4500 | ||
|---|---|---|---|
| 001 | UCF8619 | ||
| 003 | CL-VaPUC | ||
| 008 | 130930e19550000ag |||||||||||||||||spa|d | ||
| 082 | 0 | 4 | |a 155.2 |b MIR |2 21 |
| 100 | |a Mira y López, Emilio |e autor |9 570732 | ||
| 245 | 1 | 0 | |a Problemas psicológicos actuales |
| 250 | |a 5a. ed | ||
| 300 | |a 240 p | ||
| 942 | |c BK | ||
| 945 | |d 20130930 13:19:00 |a dcastane | ||
| 260 | |a Buenos Aires |b El Ateneo |c 1955 | ||
| 650 | 0 | |a Personalidad |9 307255 | |
| 650 | 0 | |a Dolor |9 313052 | |
| 650 | 0 | |a Psicología individual |9 309049 | |
| 583 | |a last modification |c 20130930 13:19:00 |k Rodrigo Vera | ||
| 999 | |c 353186 |d 353184 | ||
| 952 | |0 0 |1 0 |3 erb |4 0 |6 155_200000000000000_MIR_1955 |7 0 |8 P |9 458265 |a BIBEDU |b BIBEDU |c BIBEDU_PB |d 2019-11-23 |i 5002672 |o 155.2 MIR 1955 |p 5002672 |r 2024-01-25 |w 2019-11-23 |y BK |z Catalogado en:20130930 |k PSI | ||